<?xml version='1.0' encoding='UTF-8'?><?xml-stylesheet href='static/style.xsl' type='text/xsl'?><OAI-PMH xmlns="http://www.openarchives.org/OAI/2.0/" xmlns:xsi="http://www.w3.org/2001/XMLSchema-instance" xsi:schemaLocation="http://www.openarchives.org/OAI/2.0/ http://www.openarchives.org/OAI/2.0/OAI-PMH.xsd"><responseDate>2026-05-01T04:13:46Z</responseDate><request verb="GetRecord" identifier="oai:ebiltegia.mondragon.edu:20.500.11984/6487" metadataPrefix="marc">https://ebiltegia.mondragon.edu/oai/request</request><GetRecord><record><header><identifier>oai:ebiltegia.mondragon.edu:20.500.11984/6487</identifier><datestamp>2024-06-18T06:40:06Z</datestamp><setSpec>com_20.500.11984_6401</setSpec><setSpec>com_20.500.11984_6078</setSpec><setSpec>col_20.500.11984_6405</setSpec></header><metadata><record xmlns="http://www.loc.gov/MARC21/slim" xmlns:dcterms="http://purl.org/dc/terms/" xmlns:xsi="http://www.w3.org/2001/XMLSchema-instance" xmlns:doc="http://www.lyncode.com/xoai" xsi:schemaLocation="http://www.loc.gov/MARC21/slim http://www.loc.gov/standards/marcxml/schema/MARC21slim.xsd">
   <leader>00925njm 22002777a 4500</leader>
   <datafield ind2=" " ind1=" " tag="042">
      <subfield code="a">dc</subfield>
   </datafield>
   <datafield ind2=" " ind1=" " tag="260">
      <subfield code="c">2024</subfield>
   </datafield>
   <datafield ind2=" " ind1=" " tag="520">
      <subfield code="a">The burgeoning fashion industry in Vietnam is escalating competition among small and medium enterprises, amplified by surging foreign investments. Despite comprising 97% of all businesses, small and medium enterprises encounter hurdles due to their limited technological capabilities, hindering their seamless integration into industry value chains. While digital transformation stands as a pivotal factor in heightening competitiveness, traditional and small-scale brands are sluggish in embracing it, thereby jeopardizing their potential for growth. This lack of consensus on the determinants of small and medium enterprises competitiveness in the fashion retail sector underscores the need for thorough research. Employing the Competence-based view (CBV) theory, our research delves into the dynamics of competitiveness for small and medium-sized fashion retailers amid Vietnam's digital transformation. Through indepth interviews with 12 managers and brand founders, a survey of 260 businesses, and data analysis using SPSS 26 software, six key factors were identified, ranked by their impact on competitiveness: R&amp;D capability (0.266), Digital transformation (0.245), Service quality (0.215), Marketing capability (0.203), Business management capability (0.174), and Financial capability (0.15). Furthermore, our study scrutinizes how variables like scale, operational location, business age, and product segment impact competitiveness, unearthing disparities across enterprises of varying sizes. Consequently, we offer strategic recommendations tailored for small and medium-sized fashion retailers and governmental entities, aimed at harnessing the digital transformation landscape to bolster competitiveness.</subfield>
   </datafield>
   <datafield ind1="8" ind2=" " tag="024">
      <subfield code="a">https://hdl.handle.net/20.500.11984/6487</subfield>
   </datafield>
   <datafield tag="653" ind2=" " ind1=" ">
      <subfield code="a">competitiveness</subfield>
   </datafield>
   <datafield tag="653" ind2=" " ind1=" ">
      <subfield code="a">small and medium enterprises</subfield>
   </datafield>
   <datafield tag="653" ind2=" " ind1=" ">
      <subfield code="a">digital transformation</subfield>
   </datafield>
   <datafield tag="653" ind2=" " ind1=" ">
      <subfield code="a">fashion retailers</subfield>
   </datafield>
   <datafield tag="653" ind2=" " ind1=" ">
      <subfield code="a">THEME 1: Exploring the system level</subfield>
   </datafield>
   <datafield tag="653" ind2=" " ind1=" ">
      <subfield code="a">full papers</subfield>
   </datafield>
   <datafield ind2="0" ind1="0" tag="245">
      <subfield code="a">Factors Affecting the Competitiveness of Fashion Retail Small and Medium-Sized Enterprises During Digital Transformation in Vietnam</subfield>
   </datafield>
</record></metadata></record></GetRecord></OAI-PMH>